| 000 | 00336nam a2200121Ia 4500 | ||
|---|---|---|---|
| 008 | 220901s9999||||xx |||||||||||||| ||und|| | ||
| 082 | _a005.74 JAC | ||
| 100 | _aJacob, Daisy | ||
| 245 | 0 | _aJournal of digital information management | |
| 250 | _aVol. 12 Issue No. 5 & 6 | ||
| 260 |
_bDline Journal _c2014 |
||
| 650 | _aDatabase Management | ||
| 999 |
_c193542 _d193542 |
||